000 01536nab a22002777a 4500
999 _c6350
_d6350
003 OSt
005 20260131191829.0
008 190603e xxum|||| |||| 00| 0 spa d
040 _cPJ
100 _94896
_aRolón, Avelino
245 1 0 _aTestamento electrónico :
_bla inexorable evolución /
_cAvelino Rolon.
260 _cCiudad Autónoma de Buenos Aires :
_aThomson Reuters La Ley,
_b2025.
300 _ap. 37-48
500 _aCita: TR LALEY AR/DOC/2873/2025 Publicado en: RCCyC 2025 (Diciembre).
505 _a Sumario: I. Introducción.— II. ¿Qué se entiende por testamento electrónico?— III. Testamento electrónico: firma electrónica y firma digital. La llamada "herencia digital".— IV. Algunos antecedentes jurisprudenciales registrados en otros países.— V. Marco normativo internacional.— VI. El marco legal argentino sobre la materia.— VII. Algunos conceptos a considerar para el testamento electrónico en nuestro país.— VIII. Consideraciones finales.
505 _t¿Te interesa el texto completo? Solicitalo al correo: koha@justierradelfuego.gov.ar
650 0 _91497
_aCODIGO CIVIL Y COMERCIAL
650 0 _9888
_aSUCESIONES
650 0 _91115
_aTESTAMENTOS
650 0 _9282
_aFIRMA DIGITAL
650 0 _94484
_aTESTAMENTO OLÓGRAFO
650 0 _92334
_aDOCUMENTO ELECTRÓNICO
650 0 _96081
_aCIENCIA Y TECNOLOGÍA
773 0 _02713
_93170
_dCiudad Autónoma de Buenos Aires : Thomson Reuters La Ley, 2015-
_tRevista Código Civil y Comercial. Nº 6 - Diciembre 2025
942 _2udc
_cANA